LEADER 01236nam a2200301 u 4500 001 000000058234 003 CaOOAMICUS 005 20070226120653.0 008 010529s1999 it u000 u ita u 020 $a8842058343 035 $a10890784 040 $aPUL$bita$dPUL(R) 245 00$aLimiti e frontiere della scienza /$csaggi di John D. Barrow ... [et al.] ; a cura di Pino Donghi. 260 $aRoma :$bLaterza,$cc1999. 300 $axiv, 206 p. ;$c23 cm 490 1 $aPercorsi ;$v6 504 $aRiferimenti bibliografici in nota. 650 4$aScienza.$0(OLS)http://pul/subject/3439 700 1 $aBarrow, John D.,$d1952-$0(OLS)http://pul/name/40492 700 1 $aDonghi, Pino.$0(OLS)http://pul/name/40491 830 0$aPercorsi (Laterza) ;$v6.$0(OLS)http://pul/title/64981 850 $aPUL 852 $aPUL$W1$xDP2 Cons. Gen., Altre Classi 3$y97$m501 DONPI 1$j176629$nBK-PRI$b $qDDC 21$B76091$CPULBib$Z2$F76091 $H84683 $81 941 1 $a9 961 $aPrecedente collocazione: Fil 28 6 996 $6020$a8842058343$9(OLS)http://pul/number/73768 996 $6245$aLimiti e frontiere della scienza$9(OLS)http://pul/title/77994 996 $6260$aRoma :$bLaterza$9(OLS)http://pul/publisher/47864 LEADER 01749nam a2200349 u 4500 001 000000078530 003 CaOOAMICUS 005 20070226123435.0 008 040503s2003 be c u000 u eng u 020 $a90-5867-329-4 035 $a10993109 040 $aPUL(R)$bita 245 00$aHenry of Ghent and the transformation of scholastic thought :$bstudies in memory of Jos Decorte /$cedited by Guy Guldentops, Carlos Steel. 260 $a[Leuven] :$bLeuven University Press,$c2003. 300 $ax, 432 p. :$bill. (ritr.) ;$c24 cm 490 1 $aAncient and medieval philosophy.$aSeries 1 ;$v31 500 $aContiene indici. 504 $aBibliografia in nota. 600 04$aHenricus Gandavensis,$cO.S.M.,$d1217-1293.$0(OLS)http://pul/subject/8095 600 10$aDecorte, Jos,$d1954-2001.$2//eng$0(OLS)http://pul/subject/27359 650 4$aFilosofia$ySec. XII-XIV.$0(OLS)http://pul/subject/27360 650 0$aReligious thought$yMiddle Ages, 600-1500.$2//eng$0(OLS)http://pul/subject/7101 700 1 $aGuldentops, Guy.$0(OLS)http://pul/name/9858 700 1 $aDecorte, Jos,$d1954-2001.$0(OLS)http://pul/name/52286 700 1 $aSteel, Carlos.$0(OLS)http://pul/name/3170 830 0$aAncient and medieval philosophy.$nSeries 1 ;$v31.$0(OLS)http://pul/title/225 850 $aPUL 852 $aPUL$W1$xSL Religione 1$y3$m80 H 31$j100703$nBK-PRI$b $qStampati$B100703$CPULBib$Z2$F100703 $HPUL94767 $81 941 1 $a8 996 $6020$a90-5867-329-4$9(OLS)http://pul/number/102964 996 $6245$aHenry of Ghent and the transformation of scholastic thought :$bstudies in memory of Jos Decorte$9(OLS)http://pul/title/102873 996 $6260$a[Leuven] :$bLeuven University Press$9(OLS)http://pul/publisher/75478